000 00503nam a2200181Ia 4500
005 20250508162306.0
008 008 250505s9999 xx 000 0 hin d
037 _aBooks to be hide in OPAC
040 _aFEDL
_beng
_cFEDL
041 _ahin
_2hin
084 _a591, DON/O
_qFEDL
100 _aDon L C
_9772764
245 0 _aJaati aur jeev-vigyan
260 _aBombay, India
_bOrient Longman Pvt. Ltd.
_c1957
300 _a50p.
942 _cHB
_h591, DON/O
999 _c1375626
_d1375626